Budak Rap 2

Bibliographic Details
Main Author: Ahadiat Akashah
Format: Book
Published: Kuala Lumpur : Melati Publisher Sdn.Bhd. , 1994
Series:Remaja riang ria

MARC

LEADER 00000cam a2200000 7i4500
001 0000007926
002 000008500
005 20000330.0
020 |a 9839806173 
090 0 0 |a F   |b AHA 
100 0 |a Ahadiat Akashah 
245 1 0 |a Budak Rap 2   |c Ahadiat Akashah 
260 |a Kuala Lumpur :   |b Melati Publisher Sdn.Bhd. ,   |c 1994 
300 |a 105p. ;   |c 18cm. 
490 0 |a Remaja riang ria 
999 |a 042318   |b BUKU   |c PINJAMAN   |e PERPUSTAKAAN KOMUNITI PETALING JAYA 
999 |a 054674   |b BUKU   |c PINJAMAN   |e PERPUSTAKAAN KOMUNITI CAW KOTA DAMANSARA 
999 |a 054675   |b BUKU   |c FICTION   |e PERPUSTAKAAN KOMUNITI CAW KOTA DAMANSARA